সুন্দরবনের পেশাজীবী সম্প্রদায়ের সমাজ ও সংস্কৃতি / (Record no. 17651)

MARC details
000 -LEADER
fixed length control field 01169nam a22002417a 4500
003 - CONTROL NUMBER IDENTIFIER
control field BDDh-ASL
005 - DATE AND TIME OF LATEST TRANSACTION
control field 20231015025621.0
008 - FIXED-LENGTH DATA ELEMENTS--GENERAL INFORMATION
fixed length control field 170704s2013 bg aco|| |||| 00| 0 b
020 ## - INTERNATIONAL STANDARD BOOK NUMBER
International Standard Book Number 9789845120081
037 ## - SOURCE OF ACQUISITION
Source of stock number/acquisition Asiatic Society of Bangladesh publication
Terms of availability tk 400
040 ## - CATALOGING SOURCE
Original cataloging agency BDDh-ASL
Transcribing agency BDDh-ASL
082 ## - DEWEY DECIMAL CLASSIFICATION NUMBER
Classification number 307.7031
Item number ROS
100 1# - MAIN ENTRY--PERSONAL NAME
Personal name রায়, প্রণব কুমার
9 (RLIN) 263
245 10 - TITLE STATEMENT
Title সুন্দরবনের পেশাজীবী সম্প্রদায়ের সমাজ ও সংস্কৃতি /
Statement of responsibility, etc. প্রণব কুমার রায়
246 ## - VARYING FORM OF TITLE
Title proper/short title Sundarboner Peshajibi Somprodayer Somaj O Songskriti by Pranab Kumar Roy
260 ## - PUBLICATION, DISTRIBUTION, ETC.
Place of publication, distribution, etc. ঢাকা:
Name of publisher, distributor, etc. বাংলাদেশ এশিয়াটিক সোসাইটি,
Date of publication, distribution, etc. ২০১৩.
300 ## - PHYSICAL DESCRIPTION
Extent vi, ২৬৩ পৃ.:
Other physical details রঙিন ছবি;
Dimensions ২৪ সে.মি.
440 ## - SERIES STATEMENT/ADDED ENTRY--TITLE
Title Asiatic Society of Bangladesh publication;
Volume/sequential designation no. 121
9 (RLIN) 312
504 ## - BIBLIOGRAPHY, ETC. NOTE
Bibliography, etc. note Includes bibliographical references
505 ## - FORMATTED CONTENTS NOTE
Formatted contents note Bibliography: P. [235]-239
650 ## - SUBJECT ADDED ENTRY--TOPICAL TERM
Topical term or geographic name entry element ‍Sundarban
Form subdivision Professional Comunity
General subdivision Society
-- Culture
Geographic subdivision Bangladesh
9 (RLIN) 505
942 ## - ADDED ENTRY ELEMENTS (KOHA)
Source of classification or shelving scheme Dewey Decimal Classification
Koha item type Books
Holdings
Withdrawn status Lost status Source of classification or shelving scheme Damaged status Not for loan Collection code Home library Current library Shelving location Date acquired Source of acquisition Serial Enumeration / chronology Total Checkouts Full call number Barcode Date last seen Copy number Price effective from Koha item type Public note
    Dewey Decimal Classification     Non-fiction Asiatic Society Library Asiatic Society Library ASB Publications 07/04/2017 ASB Publications ASP-121   307.7301 ROS 100679 07/04/2017 C-1 07/04/2017 Books  
    Dewey Decimal Classification     Non-fiction Asiatic Society Library Asiatic Society Library General Stacks 07/04/2017 ASB Publications ASP-121   307.7301 ROS 100680 07/04/2017 C-2 07/04/2017 Books OOP
    Dewey Decimal Classification     Non-fiction Asiatic Society Library Asiatic Society Library General Stacks 07/04/2017 ASB Publications ASP-121   307.7301 ROS 100681 07/04/2017 C-3 07/04/2017 Books OOP
    Dewey Decimal Classification     Non-fiction Asiatic Society Library Asiatic Society Library General Stacks 07/04/2017 ASB Publications ASP-121   307.7301 ROS 100682 07/04/2017 C-4 07/04/2017 Books OOP
    Dewey Decimal Classification     Non-fiction Asiatic Society Library Asiatic Society Library General Stacks 07/04/2017 ASB Publications ASP-121   307.7301 ROS 100683 07/04/2017 C-5 07/04/2017 Books OOP

Powered by Koha